TV Shows by Plot II Quiz Stats

 Plays Quiz Updated Aug 27, 2012

Also try: TV Shows by Plot
Challenge
Share
Tweet
Embed
Score 0/30 Timer 07:00
0 Plays Today
Plot TV Show % Correct
Television series about a cadre of attractive lifeguards who patrol a crowded recreational beach.Baywatch
91.7%
Capt. Kirk and the crew of the Starship Enterprise explore space and defend the United Federation of Planets.Star Trek
90.5%
As a member of the L.A. Counter Terrorist Unit, Jack Bauer must stop bombs, viruses, assassination attempts, and usually save someone he cares about at the same time.24
84.5%
The staff of an army hospital in the Korean war find that laughter is the best way to deal with their situation.M*A*S*H
84%
Comedy about a suburban mother turned marijuana dealer.Weeds
79.1%
This is a story about a sports broadcaster later turned morning talk show host Danny Tanner and his three little girls.Full House
77.5%
It never stops for successful sports writer Ray Barone, whose oddball family life consists of a fed up wife, overbearing parents, and an older brother with lifelong jealousy.Everybody Loves Raymond
76.1%
The Cunningham family live through the 1950's with help and guidance from the lovable and almost superhuman greaser, Fonzie.Happy Days
75.1%
Six individual students and their four years at Bayside High School.Saved by the Bell
72.3%
The story of a brilliant San Francisco detective, whose obsessive compulsive disorder just happens to get in the way.Monk
68.3%
The staff of a New York City taxicab company go about their job while they dream of greater things.Taxi
67.9%
A weekly documentary in which two Hollywood special effects experts attempt to debunk urban legends by directly testing them.MythBusters
67.9%
Long-running 'Perfect Strangers' spin-off series centering on the Winslow family and their pesky next-door neighbor, ultra-nerd Steve Urkel.Family Matters
65.7%
A ne'er do well wins $100,000 in the lottery and decides to right all the wrongs from his past with his newfound realization.My Name is Earl
60.7%
They thought they were like everyone else... until they woke with incredible abilities.Heroes
58.8%
Plot TV Show % Correct
The life and times of a feline and a canine with a unique twist: they're connected, literally.CatDog
58%
Follows the misadventures of four irreverent grade-schoolers in the quiet, dysfunctional town of (title), Colorado.South Park
51.7%
Brothers Brian and Joe Hackett and wife Helen attempt to run a Nantucket-based airline while surrounded by their various wacky friends and employees.Wings
51.5%
A smarmy lawyer whose education is deemed void by the bar is forced to attend a local community college with an extremely eclectic staff and student body.Community
51.4%
Show about a rigid redneckish propane salesman with a good heart and wacky friends and family.King of the Hill
51.4%
Two men, a neat freak and a slob separated from their wives, have to live together despite their differences.The Odd Couple
49.4%
A working class bigot constantly squabbles with his family over the important issues of the day.All in the Family
48.2%
Sydney Bristow is an international spy recruited out of college and trained for espionage and self-defense.Alias
47.4%
Scientist Sam Beckett finds himself trapped in time--'leaping' into the body of a different person in a different time period each week.Quantum Leap
45.6%
The misadventures of a rich Manhattan family who adopted the children of their late African American maid.Diff'rent Strokes
40.1%
The misadventures of the Stevens family, an upper-middle class family in Sacramento, California.Even Stevens
35.7%
This Spinoff of The Practice will focus on Civil Law.Boston Legal
34.3%
This comedy drama focused on a family with eight very independent children.Eight is Enough
34.2%
The lives and work of the staff of St. Eligius Hospital, an old and disrespected Boston teaching hospital.St. Elsewhere
32.1%
A television drama centered around a female FBI agent who is forced to work with an institutionalized scientist in order to rationalize a brewing storm of unexplained phenomena.Fringe
26.1%

You're not logged in!

Compare scores with friends on all Sporcle quizzes.
Join for Free
OR
Log In

You Might Also Like...

Show Comments

Extras

Top Quizzes Today


Score Distribution

Your Account Isn't Verified!

In order to create a playlist on Sporcle, you need to verify the email address you used during registration. Go to your Sporcle Settings to finish the process.

Report this User

Report this user for behavior that violates our Community Guidelines.

Details: